Las características distintivas del noviazgo cristiano / (Record no. 28892)

MARC details
000 -LEADER
campo de control de longitud fija 00880ntaaa2200241 4500
003 - IDENTIFICADOR DE NÚMERO DE CONTROL
campo de control 01
005 - FECHA Y HORA DE LA ÚLTIMA TRANSACCIÓN
campo de control 20251027203334.0
008 - DATOS DE LONGITUD FIJA--INFORMACIÓN GENERAL
campo de control de longitud fija 0714s1973 ag 01
040 ## - FUENTE DE CATALOGACIÓN
Centro catalogador/agencia de origen AR-BaBN
Lengua de catalogación spa
Centro/agencia transcriptor AR-BaBN
Normas de descripción aacr
Centro/agencia modificador RIC
100 ## - ENTRADA PRINCIPAL--NOMBRE DE PERSONA
Nombre de persona Espinoza Arnez, María Elfy
9 (RLIN) 37168
245 ## - MENCIÓN DEL TÍTULO
Título Las características distintivas del noviazgo cristiano /
Mención de responsabilidad, etc. María Elfy Espinoza Arnez
260 ## - PUBLICACIÓN, DISTRIBUCIÓN, ETC.
Lugar de publicación, distribución, etc. Buenos Aires,
Fecha de publicación, distribución, etc. 2014
300 ## - DESCRIPCIÓN FÍSICA
Extensión 46 h. ;
Dimensiones 30 cm.
500 ## - NOTA GENERAL
Nota general "En convenio con la Asamblea Apostólica de la fe en Cristo Jesús"
500 ## - NOTA GENERAL
Nota general Bibliografía: h. 45-46
502 ## - NOTA DE TESIS
Nota de tesis (licenciatura)-Seminario Internacional Teológico Bautista, 2014
505 ## - NOTA DE CONTENIDO CON FORMATO
Título Cap. 1. Una aproximación teórica al tema del noviazgo
505 ## - NOTA DE CONTENIDO CON FORMATO
Título Cap. 2. Características distintivas del noviazgo cristiano
505 ## - NOTA DE CONTENIDO CON FORMATO
Título Cap. 3. El noviazgo en la AAFCJ
650 ## - PUNTO DE ACCESO ADICIONAL DE MATERIA--TÉRMINO DE MATERIA
Término de materia o nombre geográfico como elemento de entrada TESIS
650 ## - PUNTO DE ACCESO ADICIONAL DE MATERIA--TÉRMINO DE MATERIA
Término de materia o nombre geográfico como elemento de entrada NOVIAZGO
9 (RLIN) 7333
942 ## - ELEMENTOS DE ENTRADA SECUNDARIOS (KOHA)
Tipo de ítem Koha Colección General
Holdings
Estatus retirado Estado de pérdida Estado de daño No para préstamo Biblioteca de origen Biblioteca actual Fecha de adquisición Número de inventario Total de préstamos Código de barras Visto por última vez Precio de reemplazo Tipo de ítem Koha
        Biblioteca Pluis Biblioteca Pluis 27/10/2025 045401   045401 27/10/2025 27/10/2025 TESINAS Y TFI